[Event "San Jose 1000 GM Spring Break 3 Gp2"]
[Site "San Jose"]
[Date "2024.04.07"]
[Round "5.3"]
[White "Solis Castro, Angel Alejan"]
[Black "Yang, Maxwell"]
[Result "1/2-1/2"]
[WhiteElo "2066"]
[BlackElo "1987"]
[PlyCount "72"]
[EventDate "2024.04.05"]
[EventType "schev"]
[EventRounds "5"]
[EventCountry "USA"]
[SourceTitle "CB16_2024"]
[SourceDate "2024.04.17"]
[SourceVersion "1"]
[SourceVersionDate "2024.04.17"]
[SourceQuality "1"]
[WhiteTeam "Masters"]
[BlackTeam "Challengers"]
[WhiteTeamCountry "USA"]
[BlackTeamCountry "USA"]

1. c4 Nf6 2. Nc3 d5 3. cxd5 Nxd5 4. e4 Nxc3 5. bxc3 g6 6. d4 Bg7 7. Bc4 c5 8. Ne2 0-0 9. 0-0 Nc6 10. Be3 b6 11. dxc5 Qc7 12. cxb6 axb6 13. Bb3 Ba6 14. Qc2 Na5 15. Rab1 Nxb3 16. axb3 Bxe2 17. Qxe2 Qc6 18. c4 Qxe4 19. Rfe1 Qc6 20. Bg5 e6 21. Red1 h6 22. Be7 Rfe8 23. Bb4 Red8 24. h4 Bf6 25. Qe3 Bg7 26. h5 g5 27. Be7 Re8 28. Bb4 Red8 29. Bc3 Qc5 30. Qf3 e5 31. Qe4 b5 32. Ra1 Rxa1 33. Rxa1 bxc4 34. bxc4 f5 35. Qxf5 Qxc4 36. Be1 Qf7 1/2-1/2